00000000nam##2200000za#4500
0019.625688
003CaOODSP
00520200327183907
007ta
008150406|2001||||xxc|||||     f|0| 0 fre|d
020 |a0-662-85915-4
022 |a1484-2815
040 |aCaOODSP|bfre
043 |an-cn---
0861 |aFo29-47/24-2001F
1101 |aCanada.|bRessources naturelles Canada. |bService canadien des forêts.
24513|aLa décomposition polygonale - une procédure d'utilisation des données de télédétection pour bonifier les inventaires forestiers sur SIG|cpar Mike Wulder, Steven E. Franklin et Mike B. Lavigne.
260 |aVictoria - Colombie Britannique : |bRessources naturelles Canada. |c2001.
300 |a4p. : |bill., références ; |c28 cm.
4901 |aNotes de transfert technologique|x1484-2815|vN° 24, février 2001
563 |aDépliant
590 |a01-26|b2001-06-29
69107|aSystème d'information géographique|2gcpds
69107|aGestion forestière|2gcpds
69107|aPhotographie aérienne|2gcpds
7201 |aWulder, Mike
7201 |aFranklin, Steven E.
7201 |aLavigne, Mike B.
7760#|tLa décomposition polygonale - une procédure d'utilisation des données de télédétection pour bonifier les inventaires forestiers sur SIG|w(CaOODSP)9.604829
830#0|aNotes de transfert technologique,|x1484-2815|vN° 24, février 2001|w(CaOODSP)9.513024